20 valtiota, joissa on pisimmät ihmiset - Statistics

Yleistilastot
  • Tätä visaa on pelattu 170 kertaa
  • Keskiarvotulos 15 / 20
Vastaustilastot
Miehet Naiset Maa % Oikein
179.7 (5′11) 165.9 (5′5) Suomi
99%
179.6 (5′11) 165.7 (5′5) Ruotsi
96%
179.5 (5′11) 165.6 (5′5) Norja
95%
179.7 (5′11) 165.9 (5′5) Saksa
92%
182.5 (6′0) 168.7 (5′6) Alankomaat
90%
181.4 (5′11) 167.2 (5′6) Tanska
89%
181.7 (5′11) 169.8 (5′7) Latvia
84%
181.6 (5′11) 168.7 (5′6) Viro
84%
181.7 (6′0) 165.5 (5′5) Belgia
83%
179.7 (5′11) 166.6 (5′6) Liettua
83%
180.1 (5′11) 165.9 (5′5) Islanti
78%
180.6 (5′11) 167.5 (5′6) Slovakia
73%
179.8 (5′11) 166.1 (5′5) Slovenia
73%
181.4 (5′11) 168.5 (5′6) Tšekki
70%
179.0 (5′10) 166.3 (5′6) Ukraina
65%
179.2 (5′11) 165.9 (5′5) Australia
60%
179.9 (5′11) 165.6 (5′5) Kroatia
57%
180.9 (5′11) 167.7 (5′6) Serbia
55%
178.9 (5′10) 166.3 (5′6) Valko-Venäjä
52%
180.5 (5′11) 165.8 (5′5) Bosnia ja Hertsegovina
48%
Ehtoja vastaavia visoja ei löytynyt
Tulosjakauma
Jokaisen tuloksen saaneiden osuus
Persentiili vastausten määrän mukaan
Tuloshistoriasi
Et ole pelannut tätä visaa